000 01035cab a2200277 4500
001 ABS54070
008 090401t1995 xxu||||| |||| 00| 0 eng d
035 _a(Sirsi) u8276
041 _aeng
245 _aHambleton DC v SoS Environment and Barker
260 _c1995
350 _a0
490 _aProperty and Compensation Reports
_v[1995] 70 P&CR 549-559(11)
520 _aQBD 2 December 1994. An application to remove the agricultural occupancy restriction on a bungalow built in the 1970s was granted on the basis that it now fell within the limits of Burneston village and a contemporary application would not impose such a restriction.
650 _aAGRICULTURAL OCCUPANCY
650 _aHAMBLETON DC V SOS ENVIRONMENT AND BARKER
650 _aOCCUPANCY CONDITIONS
650 _aPLANNING CONDITIONS
650 _aPPG7
650 _aRURAL DWELLINGS
650 _aRURAL HOUSING
650 _aTOWN AND COUNTRY PLANNING ACT 1990
690 _aPLANNING LAW AND PRACTICE-CASE LAW
942 _n0
948 _c04/03/1997
999 _c5071
_d5071